[Event "April 9 Early 2024"]
[Site "Chess.com"]
[Date "2024.04.09"]
[Round "4"]
[White "Ambartsumova, Karina"]
[Black "Fier, Alexandr"]
[Result "1/2-1/2"]
[Board "61"]
[WhiteFideId "4166299"]
[BlackFideId "2107139"]
[WhiteTitle "IM"]
[BlackTitle "GM"]
[WhiteElo "2613"]
[BlackElo "2871"]
[WhiteTeam "RUS"]
[BlackTeam "BRA"]
[WhiteClock "0:00:07"]
[BlackClock "0:00:48"]
[Variant "Standard"]

1. d4 {[%clk 0:03:00]}  Nf6 {[%clk 0:03:00]} 2. c4 {[%clk 0:03:01]}  c5 {[%clk 0:03:01]} 3. d5 {[%clk 0:02:58]}  e6 {[%clk 0:03:01]} 4. Nc3 {[%clk 0:02:56]}  exd5 {[%clk 0:03:02]} 5. cxd5 {[%clk 0:02:57]}  d6 {[%clk 0:03:03]} 6. e4 {[%clk 0:02:57]}  g6 {[%clk 0:03:03]} 7. Nf3 {[%clk 0:02:58]}  Bg7 {[%clk 0:03:04]} 8. Be2 {[%clk 0:02:58]}  O-O {[%clk 0:03:04]} 9. O-O {[%clk 0:02:59]}  Bg4 {[%clk 0:03:04]} 10. h3 {[%clk 0:02:57]}  Bxf3 {[%clk 0:03:05]} 11. Bxf3 {[%clk 0:02:58]}  Nbd7 {[%clk 0:03:05]} 12. a4 {[%clk 0:02:58]}  Re8 {[%clk 0:03:01]} 13. Bf4 {[%clk 0:02:58]}  Ne5 {[%clk 0:03:01]} 14. Re1 {[%clk 0:02:57]}  h5 {[%clk 0:03:02]} 15. Bg5 {[%clk 0:02:52]}  Qc7 {[%clk 0:02:55]} 16. Be2 {[%clk 0:02:40]}  a6 {[%clk 0:02:53]} 17. f4 {[%clk 0:02:23]}  Ned7 {[%clk 0:02:53]} 18. Bf3 {[%clk 0:02:23]}  c4 {[%clk 0:02:53]} 19. Bh4 {[%clk 0:02:11]}  Qb6+ {[%clk 0:02:45]} 20. Bf2 {[%clk 0:02:06]}  Qxb2 {[%clk 0:02:45]} 21. Rc1 {[%clk 0:01:22]}  Nc5 {[%clk 0:02:35]} 22. Bxc5 {[%clk 0:01:13]}  dxc5 {[%clk 0:02:36]} 23. e5 {[%clk 0:01:13]}  Nd7 {[%clk 0:02:34]} 24. Ne4 {[%clk 0:01:10]}  Nxe5 {[%clk 0:02:33]} 25. fxe5 {[%clk 0:01:08]}  Bxe5 {[%clk 0:02:34]} 26. Rxc4 {[%clk 0:01:04]}  b5 {[%clk 0:02:23]} 27. axb5 {[%clk 0:00:59]}  axb5 {[%clk 0:02:24]} 28. Rc2 {[%clk 0:00:59]}  Qd4+ {[%clk 0:02:23]} 29. Qxd4 {[%clk 0:00:56]}  Bxd4+ {[%clk 0:02:24]} 30. Kf1 {[%clk 0:00:57]}  b4 {[%clk 0:02:10]} 31. Nxc5 {[%clk 0:00:38]}  Rxe1+ {[%clk 0:01:44]} 32. Kxe1 {[%clk 0:00:39]}  Rc8 {[%clk 0:01:44]} 33. Nb3 {[%clk 0:00:40]}  Rxc2 {[%clk 0:01:38]} 34. Nxd4 {[%clk 0:00:40]}  Rc4 {[%clk 0:01:33]} 35. Nb3 {[%clk 0:00:28]}  Kf8 {[%clk 0:01:33]} 36. Kd2 {[%clk 0:00:21]}  Ke7 {[%clk 0:01:33]} 37. Na5 {[%clk 0:00:16]}  Rf4 {[%clk 0:01:22]} 38. Ke3 {[%clk 0:00:15]}  Rh4 {[%clk 0:01:13]} 39. g4 {[%clk 0:00:11]}  hxg4 {[%clk 0:01:07]} 40. hxg4 {[%clk 0:00:12]}  Kd6 {[%clk 0:01:07]} 41. Kd4 {[%clk 0:00:10]}  f5 {[%clk 0:01:03]} 42. Nc4+ {[%clk 0:00:09]}  Ke7 {[%clk 0:01:03]} 43. d6+ {[%clk 0:00:09]}  Kd8 {[%clk 0:01:00]} 44. Ne5 {[%clk 0:00:05]}  fxg4 {[%clk 0:00:57]} 45. Bxg4 {[%clk 0:00:06]}  b3 {[%clk 0:00:56]} 46. Kc3 {[%clk 0:00:06]}  Rxg4 {[%clk 0:00:46]} 47. Nxg4 {[%clk 0:00:06]}  Kd7 {[%clk 0:00:47]} 48. Ne5+ {[%clk 0:00:06]}  Kxd6 {[%clk 0:00:48]} 49. Nxg6 {[%clk 0:00:07]}  Kd5 {[%clk 0:00:48]} 50. Kxb3 {[%clk 0:00:07]} 1/2-1/2

[Event "April 9 Early 2024"]
[Site "Chess.com"]
[Date "2024.04.09"]
[Round "4"]
[White "Iniyan, Pa"]
[Black "Sadovsky, Artem"]
[Result "1-0"]
[Board "62"]
[WhiteFideId "25002767"]
[BlackFideId "4155840"]
[WhiteTitle "GM"]
[BlackTitle "IM"]
[WhiteElo "2866"]
[BlackElo "2610"]
[WhiteTeam "IND"]
[BlackTeam "FID"]
[WhiteClock "0:02:05"]
[BlackClock "0:00:35"]
[Variant "Standard"]

1. d4 {[%clk 0:02:53]}  g6 {[%clk 0:02:53]} 2. c4 {[%clk 0:02:54]}  Bg7 {[%clk 0:02:54]} 3. Nc3 {[%clk 0:02:55]}  d6 {[%clk 0:02:54]} 4. e4 {[%clk 0:02:55]}  e5 {[%clk 0:02:54]} 5. Nf3 {[%clk 0:02:56]}  Nc6 {[%clk 0:02:53]} 6. Be3 {[%clk 0:02:50]}  Bg4 {[%clk 0:02:52]} 7. d5 {[%clk 0:02:50]}  Nce7 {[%clk 0:02:49]} 8. Be2 {[%clk 0:02:49]}  h6 {[%clk 0:02:49]} 9. Nd2 {[%clk 0:02:49]}  Bd7 {[%clk 0:02:43]} 10. O-O {[%clk 0:02:45]}  f5 {[%clk 0:02:27]} 11. f3 {[%clk 0:02:43]}  f4 {[%clk 0:02:21]} 12. Bf2 {[%clk 0:02:43]}  g5 {[%clk 0:02:20]} 13. c5 {[%clk 0:02:43]}  Nf6 {[%clk 0:02:12]} 14. Nc4 {[%clk 0:02:43]}  Nc8 {[%clk 0:02:04]} 15. Qb3 {[%clk 0:02:43]}  dxc5 {[%clk 0:01:21]} 16. Nxe5 {[%clk 0:02:39]}  Nxe4 {[%clk 0:01:04]} 17. Nxd7 {[%clk 0:02:17]}  Nxc3 {[%clk 0:01:03]} 18. bxc3 {[%clk 0:02:17]}  Kxd7 {[%clk 0:00:53]} 19. Bb5+ {[%clk 0:02:10]}  Kd6 {[%clk 0:00:41]} 20. Rfe1 {[%clk 0:02:09]}  Be5 {[%clk 0:00:36]} 21. Bxc5+ {[%clk 0:02:07]}  Kxc5 {[%clk 0:00:35]} 22. Qb4+ {[%clk 0:02:07]}  Kb6 {[%clk 0:00:35]} 23. Bc4# {[%clk 0:02:05]} 1-0

[Event "April 9 Early 2024"]
[Site "Chess.com"]
[Date "2024.04.09"]
[Round "4"]
[White "Dau Khuong Duy"]
[Black "Goltseva, Ekaterina"]
[Result "1-0"]
[Board "64"]
[WhiteFideId "12424722"]
[BlackFideId "24173770"]
[WhiteTitle "CM"]
[BlackTitle "FM"]
[WhiteElo "2863"]
[BlackElo "2607"]
[WhiteTeam "VIE"]
[BlackTeam "RUS"]
[WhiteClock "0:00:20"]
[BlackClock "0:00:00"]
[Variant "Standard"]

1. e4 {[%clk 0:02:59]}  c5 {[%clk 0:02:59]} 2. Nc3 {[%clk 0:02:55]}  Nc6 {[%clk 0:02:58]} 3. Bb5 {[%clk 0:02:54]}  Nd4 {[%clk 0:02:58]} 4. Nf3 {[%clk 0:02:54]}  a6 {[%clk 0:02:53]} 5. Bd3 {[%clk 0:02:51]}  e6 {[%clk 0:02:41]} 6. O-O {[%clk 0:02:47]}  b5 {[%clk 0:02:37]} 7. Nxd4 {[%clk 0:02:43]}  cxd4 {[%clk 0:02:37]} 8. Ne2 {[%clk 0:02:43]}  Bc5 {[%clk 0:02:37]} 9. c3 {[%clk 0:02:43]}  dxc3 {[%clk 0:02:34]} 10. bxc3 {[%clk 0:02:35]}  Ne7 {[%clk 0:02:22]} 11. Bc2 {[%clk 0:02:34]}  Bb7 {[%clk 0:02:11]} 12. d4 {[%clk 0:02:32]}  Ba7 {[%clk 0:02:12]} 13. Qd3 {[%clk 0:02:24]}  f5 {[%clk 0:01:56]} 14. Qg3 {[%clk 0:01:33]}  O-O {[%clk 0:01:52]} 15. e5 {[%clk 0:01:31]}  Nd5 {[%clk 0:01:17]} 16. Bb3 {[%clk 0:01:21]}  Kh8 {[%clk 0:01:04]} 17. h4 {[%clk 0:01:13]}  Rc8 {[%clk 0:01:00]} 18. h5 {[%clk 0:01:10]}  Qe8 {[%clk 0:00:56]} 19. h6 {[%clk 0:01:09]}  gxh6 {[%clk 0:00:54]} 20. Bxd5 {[%clk 0:00:53]}  Bxd5 {[%clk 0:00:51]} 21. Bxh6 {[%clk 0:00:41]}  Rg8 {[%clk 0:00:50]} 22. Bg5 {[%clk 0:00:41]}  h6 {[%clk 0:00:31]} 23. Qh3 {[%clk 0:00:32]}  Qg6 {[%clk 0:00:25]} 24. Bf6+ {[%clk 0:00:30]}  Kh7 {[%clk 0:00:25]} 25. f3 {[%clk 0:00:31]}  Bc4 {[%clk 0:00:15]} 26. Nf4 {[%clk 0:00:28]}  Qg3 {[%clk 0:00:15]} 27. Qxg3 {[%clk 0:00:21]}  Rxg3 {[%clk 0:00:16]} 28. Rfd1 {[%clk 0:00:20]}  Rcg8 {[%clk 0:00:14]} 29. Kf2 {[%clk 0:00:20]}  Rf8 {[%clk 0:00:01]} 30. Kxg3 {[%clk 0:00:20]}  Re8 {[%clk 0:00:00]} 31. Kf2 {[%clk 0:00:20]} 1-0

[Event "April 9 Early 2024"]
[Site "Chess.com"]
[Date "2024.04.09"]
[Round "4"]
[White "Beerdsen, Thomas"]
[Black "Pajeken, Jakob Leon"]
[Result "1-0"]
[Board "65"]
[WhiteFideId "1030108"]
[BlackFideId "12942839"]
[WhiteTitle "GM"]
[BlackTitle "IM"]
[WhiteElo "2861"]
[BlackElo "2606"]
[WhiteTeam "NED"]
[BlackTeam "GER"]
[WhiteClock "0:02:45"]
[BlackClock "0:02:16"]
[Variant "Standard"]

1. e4 {[%clk 0:03:00]}  e5 {[%clk 0:02:59]} 2. Nc3 {[%clk 0:03:00]}  Nf6 {[%clk 0:02:58]} 3. f4 {[%clk 0:03:01]}  d5 {[%clk 0:02:58]} 4. fxe5 {[%clk 0:03:02]}  Nxe4 {[%clk 0:02:59]} 5. Nf3 {[%clk 0:03:02]}  Bc5 {[%clk 0:02:57]} 6. d4 {[%clk 0:03:03]}  Bb4 {[%clk 0:02:58]} 7. a3 {[%clk 0:03:03]}  Bxc3+ {[%clk 0:02:40]} 8. bxc3 {[%clk 0:03:03]}  Nxc3 {[%clk 0:02:41]} 9. Qd3 {[%clk 0:03:04]}  Ne4 {[%clk 0:02:41]} 10. c4 {[%clk 0:03:01]}  c6 {[%clk 0:02:38]} 11. Be2 {[%clk 0:03:01]}  Qa5+ {[%clk 0:02:35]} 12. Nd2 {[%clk 0:02:59]}  Bf5 {[%clk 0:02:32]} 13. O-O {[%clk 0:02:59]}  Bg6 {[%clk 0:02:33]} 14. Nxe4 {[%clk 0:02:56]}  Bxe4 {[%clk 0:02:31]} 15. Qg3 {[%clk 0:02:56]}  Bg6 {[%clk 0:02:30]} 16. h4 {[%clk 0:02:55]}  h5 {[%clk 0:02:26]} 17. e6 {[%clk 0:02:55]}  O-O {[%clk 0:02:22]} 18. exf7+ {[%clk 0:02:45]}  Kh7 {[%clk 0:02:16]} 19. Qxg6+ {[%clk 0:02:45]} 1-0

[Event "April 9 Early 2024"]
[Site "Chess.com"]
[Date "2024.04.09"]
[Round "4"]
[White "Tabuenca Mendataurigoitia, Daniel"]
[Black "Zhigalko, Sergei"]
[Result "0-1"]
[Board "66"]
[WhiteFideId "24563617"]
[BlackFideId "13502956"]
[WhiteTitle "FM"]
[BlackTitle "GM"]
[WhiteElo "2606"]
[BlackElo "2860"]
[WhiteTeam "ESP"]
[BlackTeam "BLR"]
[WhiteClock "0:00:02"]
[BlackClock "0:00:13"]
[Variant "Standard"]

1. Nf3 {[%clk 0:03:00]}  d5 {[%clk 0:02:59]} 2. g3 {[%clk 0:03:01]}  c6 {[%clk 0:02:59]} 3. Bg2 {[%clk 0:03:00]}  Bg4 {[%clk 0:02:59]} 4. O-O {[%clk 0:03:00]}  e6 {[%clk 0:02:59]} 5. c4 {[%clk 0:02:56]}  Nf6 {[%clk 0:02:58]} 6. d3 {[%clk 0:02:45]}  Be7 {[%clk 0:02:51]} 7. Be3 {[%clk 0:02:41]}  Nbd7 {[%clk 0:02:41]} 8. h3 {[%clk 0:02:40]}  Bh5 {[%clk 0:02:40]} 9. Nc3 {[%clk 0:02:35]}  O-O {[%clk 0:02:31]} 10. a3 {[%clk 0:02:32]}  Bxf3 {[%clk 0:02:27]} 11. exf3 {[%clk 0:02:24]}  Nb6 {[%clk 0:02:00]} 12. c5 {[%clk 0:02:00]}  d4 {[%clk 0:01:58]} 13. cxb6 {[%clk 0:01:58]}  dxe3 {[%clk 0:01:23]} 14. fxe3 {[%clk 0:01:54]}  Qxb6 {[%clk 0:01:18]} 15. Qe2 {[%clk 0:01:53]}  Rfd8 {[%clk 0:01:15]} 16. d4 {[%clk 0:01:52]}  c5 {[%clk 0:01:10]} 17. Na4 {[%clk 0:01:49]}  Qc7 {[%clk 0:01:10]} 18. dxc5 {[%clk 0:01:45]}  Qxg3 {[%clk 0:01:08]} 19. Rfd1 {[%clk 0:01:40]}  Nd5 {[%clk 0:01:00]} 20. Qf2 {[%clk 0:01:35]}  Qe5 {[%clk 0:00:46]} 21. f4 {[%clk 0:01:20]}  Qh5 {[%clk 0:00:46]} 22. Kh2 {[%clk 0:01:04]}  Rab8 {[%clk 0:00:35]} 23. Bf3 {[%clk 0:00:57]}  Qf5 {[%clk 0:00:34]} 24. b4 {[%clk 0:00:40]}  g6 {[%clk 0:00:25]} 25. Bxd5 {[%clk 0:00:33]}  Rxd5 {[%clk 0:00:23]} 26. Rxd5 {[%clk 0:00:33]}  Qxd5 {[%clk 0:00:23]} 27. Nc3 {[%clk 0:00:33]}  Qd3 {[%clk 0:00:21]} 28. Ne2 {[%clk 0:00:30]}  Bf6 {[%clk 0:00:19]} 29. Rc1 {[%clk 0:00:22]}  Qxa3 {[%clk 0:00:19]} 30. e4 {[%clk 0:00:19]}  Qxb4 {[%clk 0:00:17]} 31. e5 {[%clk 0:00:19]}  Be7 {[%clk 0:00:16]} 32. Qe3 {[%clk 0:00:15]}  Rc8 {[%clk 0:00:16]} 33. Ng3 {[%clk 0:00:10]}  Rxc5 {[%clk 0:00:16]} 34. Rd1 {[%clk 0:00:10]}  Rc2+ {[%clk 0:00:16]} 35. Kh1 {[%clk 0:00:10]}  Rc3 {[%clk 0:00:15]} 36. Qe1 {[%clk 0:00:07]}  Qb3 {[%clk 0:00:13]} 37. Kg2 {[%clk 0:00:04]}  Rxg3+ {[%clk 0:00:13]} 38. Qxg3 {[%clk 0:00:02]}  Qxd1 {[%clk 0:00:13]} 0-1

[Event "April 9 Early 2024"]
[Site "Chess.com"]
[Date "2024.04.09"]
[Round "4"]
[White "Laddha, Shubh Jayesh"]
[Black "Quispe Arteaga, Gabriel"]
[Result "0-1"]
[Board "67"]
[WhiteFideId "30942799"]
[BlackFideId "32059809"]
[WhiteTitle "FM"]
[BlackTitle "FM"]
[WhiteElo "2602"]
[BlackElo "2844"]
[WhiteTeam "USA"]
[BlackTeam "ESP"]
[WhiteClock "0:00:12"]
[BlackClock "0:00:04"]
[Variant "Standard"]

1. e4 {[%clk 0:03:00]}  c5 {[%clk 0:02:57]} 2. Nf3 {[%clk 0:03:00]}  e6 {[%clk 0:02:58]} 3. d4 {[%clk 0:02:59]}  cxd4 {[%clk 0:02:59]} 4. Nxd4 {[%clk 0:03:00]}  Nf6 {[%clk 0:03:00]} 5. Nc3 {[%clk 0:03:00]}  Nc6 {[%clk 0:03:00]} 6. Ndb5 {[%clk 0:03:01]}  Bb4 {[%clk 0:03:01]} 7. a3 {[%clk 0:03:01]}  Bxc3+ {[%clk 0:03:01]} 8. Nxc3 {[%clk 0:03:02]}  d5 {[%clk 0:03:02]} 9. exd5 {[%clk 0:03:03]}  exd5 {[%clk 0:03:03]} 10. Bd3 {[%clk 0:03:04]}  O-O {[%clk 0:03:04]} 11. O-O {[%clk 0:03:04]}  d4 {[%clk 0:03:05]} 12. Ne2 {[%clk 0:03:05]}  Bg4 {[%clk 0:03:05]} 13. f3 {[%clk 0:03:05]}  Bh5 {[%clk 0:03:06]} 14. Bg5 {[%clk 0:03:05]}  Bg6 {[%clk 0:03:06]} 15. Bxg6 {[%clk 0:03:04]}  hxg6 {[%clk 0:03:07]} 16. Qd2 {[%clk 0:03:05]}  Qb6 {[%clk 0:03:07]} 17. Kh1 {[%clk 0:03:02]}  Rfe8 {[%clk 0:03:01]} 18. b4 {[%clk 0:02:58]}  a5 {[%clk 0:03:00]} 19. bxa5 {[%clk 0:02:54]}  Rxa5 {[%clk 0:03:00]} 20. Bxf6 {[%clk 0:02:52]}  gxf6 {[%clk 0:03:00]} 21. Nf4 {[%clk 0:02:51]}  Ne5 {[%clk 0:02:25]} 22. Rfe1 {[%clk 0:02:40]}  Qa7 {[%clk 0:02:04]} 23. Qb4 {[%clk 0:02:09]}  Kg7 {[%clk 0:01:41]} 24. Qb3 {[%clk 0:01:24]}  Ra8 {[%clk 0:01:30]} 25. Rab1 {[%clk 0:01:12]}  Rxa3 {[%clk 0:01:14]} 26. Qxb7 {[%clk 0:01:11]}  Qxb7 {[%clk 0:01:15]} 27. Rxb7 {[%clk 0:01:11]}  Re3 {[%clk 0:01:06]} 28. Rd1 {[%clk 0:01:02]}  Nc6 {[%clk 0:00:22]} 29. Rc7 {[%clk 0:00:55]}  Ra6 {[%clk 0:00:15]} 30. h4 {[%clk 0:00:49]}  g5 {[%clk 0:00:15]} 31. hxg5 {[%clk 0:00:46]}  fxg5 {[%clk 0:00:16]} 32. Ne6+ {[%clk 0:00:46]}  Rxe6 {[%clk 0:00:16]} 33. Kh2 {[%clk 0:00:38]}  Rd6 {[%clk 0:00:12]} 34. Kg3 {[%clk 0:00:38]}  Ne5 {[%clk 0:00:12]} 35. Re1 {[%clk 0:00:37]}  Ng6 {[%clk 0:00:12]} 36. Kg4 {[%clk 0:00:35]}  Rac6 {[%clk 0:00:12]} 37. Rb7 {[%clk 0:00:32]}  Rxc2 {[%clk 0:00:12]} 38. g3 {[%clk 0:00:33]}  Rc5 {[%clk 0:00:13]} 39. f4 {[%clk 0:00:33]}  gxf4 {[%clk 0:00:13]} 40. gxf4 {[%clk 0:00:33]}  d3 {[%clk 0:00:07]} 41. f5 {[%clk 0:00:33]}  d2 {[%clk 0:00:07]} 42. Rd1 {[%clk 0:00:18]}  Rc1 {[%clk 0:00:07]} 43. fxg6 {[%clk 0:00:15]}  Kxg6 {[%clk 0:00:08]} 44. Rb3 {[%clk 0:00:13]}  Rxd1 {[%clk 0:00:08]} 45. Kh3 {[%clk 0:00:13]}  Rh1+ {[%clk 0:00:08]} 46. Kg2 {[%clk 0:00:14]}  Rg1+ {[%clk 0:00:08]} 47. Kh2 {[%clk 0:00:13]}  d1=Q {[%clk 0:00:06]} 48. Rb2 {[%clk 0:00:11]}  Rd2+ {[%clk 0:00:04]} 49. Kh3 {[%clk 0:00:12]}  Qf3+ {[%clk 0:00:03]} 50. Kh4 {[%clk 0:00:12]}  Qg4# {[%clk 0:00:04]} 0-1

[Event "April 9 Early 2024"]
[Site "Chess.com"]
[Date "2024.04.09"]
[Round "4"]
[White "Shuvalova, Polina"]
[Black "Bartel, Michal"]
[Result "1/2-1/2"]
[Board "71"]
[WhiteFideId "24171760"]
[BlackFideId "1119257"]
[WhiteTitle "IM"]
[BlackTitle "FM"]
[WhiteElo "2811"]
[BlackElo "2590"]
[WhiteTeam "FID"]
[BlackTeam "POL"]
[WhiteClock "0:00:30"]
[BlackClock "0:01:21"]
[Variant "Standard"]

1. e4 {[%clk 0:03:00]}  e5 {[%clk 0:02:57]} 2. Nf3 {[%clk 0:03:00]}  Nc6 {[%clk 0:02:58]} 3. Nc3 {[%clk 0:03:01]}  g6 {[%clk 0:02:58]} 4. d4 {[%clk 0:03:00]}  exd4 {[%clk 0:02:59]} 5. Nxd4 {[%clk 0:02:58]}  Bg7 {[%clk 0:02:59]} 6. Be3 {[%clk 0:02:57]}  Nf6 {[%clk 0:02:58]} 7. f3 {[%clk 0:02:51]}  O-O {[%clk 0:02:58]} 8. Bc4 {[%clk 0:02:52]}  Re8 {[%clk 0:02:57]} 9. O-O {[%clk 0:02:35]}  d5 {[%clk 0:02:56]} 10. Nxd5 {[%clk 0:02:27]}  Nxd5 {[%clk 0:02:53]} 11. Bxd5 {[%clk 0:02:26]}  Nxd4 {[%clk 0:02:52]} 12. Bxd4 {[%clk 0:02:18]}  Bxd4+ {[%clk 0:02:52]} 13. Qxd4 {[%clk 0:02:19]}  c6 {[%clk 0:02:52]} 14. c4 {[%clk 0:02:20]}  cxd5 {[%clk 0:02:50]} 15. cxd5 {[%clk 0:02:20]}  Bd7 {[%clk 0:02:45]} 16. Rac1 {[%clk 0:02:20]}  Qb6 {[%clk 0:02:40]} 17. Qxb6 {[%clk 0:02:20]}  axb6 {[%clk 0:02:40]} 18. Rc7 {[%clk 0:02:20]}  Bb5 {[%clk 0:02:39]} 19. Rfc1 {[%clk 0:02:09]}  Rxa2 {[%clk 0:02:37]} 20. Rxb7 {[%clk 0:02:09]}  Rxb2 {[%clk 0:02:33]} 21. Rxb6 {[%clk 0:02:08]}  Ra8 {[%clk 0:02:25]} 22. Kh1 {[%clk 0:01:47]}  Raa2 {[%clk 0:02:20]} 23. Rg1 {[%clk 0:01:37]}  Bd7 {[%clk 0:02:11]} 24. Rxb2 {[%clk 0:01:33]}  Rxb2 {[%clk 0:02:11]} 25. Rc1 {[%clk 0:01:32]}  Kf8 {[%clk 0:02:09]} 26. h3 {[%clk 0:01:31]}  Ke7 {[%clk 0:02:09]} 27. Rc7 {[%clk 0:01:29]}  Kd6 {[%clk 0:02:09]} 28. Ra7 {[%clk 0:01:29]}  f6 {[%clk 0:02:04]} 29. Kh2 {[%clk 0:01:28]}  h5 {[%clk 0:02:03]} 30. Ra6+ {[%clk 0:01:27]}  Ke7 {[%clk 0:02:02]} 31. h4 {[%clk 0:01:24]}  Rd2 {[%clk 0:01:50]} 32. Rb6 {[%clk 0:01:22]}  g5 {[%clk 0:01:42]} 33. hxg5 {[%clk 0:01:11]}  fxg5 {[%clk 0:01:43]} 34. Rg6 {[%clk 0:01:09]}  g4 {[%clk 0:01:40]} 35. Kg3 {[%clk 0:01:09]}  h4+ {[%clk 0:01:31]} 36. Kxh4 {[%clk 0:01:07]}  Rxg2 {[%clk 0:01:25]} 37. Rg7+ {[%clk 0:00:50]}  Ke8 {[%clk 0:01:21]} 38. fxg4 {[%clk 0:00:44]}  Re2 {[%clk 0:01:21]} 39. Rg8+ {[%clk 0:00:32]}  Ke7 {[%clk 0:01:21]} 40. Rg7+ {[%clk 0:00:32]}  Ke8 {[%clk 0:01:21]} 41. Rg8+ {[%clk 0:00:33]}  Ke7 {[%clk 0:01:21]} 42. Rg7+ {[%clk 0:00:30]}  Ke8 {[%clk 0:01:21]} 1/2-1/2

[Event "April 9 Early 2024"]
[Site "Chess.com"]
[Date "2024.04.09"]
[Round "4"]
[White "Pavlov, Nikolay"]
[Black "Leiva, Gianmarco"]
[Result "1-0"]
[Board "76"]
[WhiteFideId "24141470"]
[BlackFideId "3804399"]
[WhiteTitle "FM"]
[BlackTitle "IM"]
[WhiteElo "2577"]
[BlackElo "2800"]
[WhiteTeam "RUS"]
[BlackTeam "PER"]
[WhiteClock "0:00:07"]
[BlackClock "0:00:02"]
[Variant "Standard"]

1. e4 {[%clk 0:03:00]}  c5 {[%clk 0:02:59]} 2. Nf3 {[%clk 0:03:00]}  d6 {[%clk 0:02:59]} 3. c3 {[%clk 0:03:00]}  Nf6 {[%clk 0:02:55]} 4. h3 {[%clk 0:03:01]}  Nc6 {[%clk 0:02:51]} 5. Bd3 {[%clk 0:03:01]}  d5 {[%clk 0:02:40]} 6. e5 {[%clk 0:03:00]}  Nd7 {[%clk 0:02:40]} 7. Bb5 {[%clk 0:03:01]}  Qb6 {[%clk 0:02:32]} 8. Bxc6 {[%clk 0:03:01]}  Qxc6 {[%clk 0:02:29]} 9. d4 {[%clk 0:03:01]}  e6 {[%clk 0:02:23]} 10. O-O {[%clk 0:03:01]}  Be7 {[%clk 0:02:22]} 11. Bg5 {[%clk 0:03:01]}  Bxg5 {[%clk 0:02:15]} 12. Nxg5 {[%clk 0:03:01]}  h6 {[%clk 0:02:12]} 13. Nf3 {[%clk 0:03:00]}  Qb6 {[%clk 0:02:01]} 14. b3 {[%clk 0:02:38]}  O-O {[%clk 0:02:00]} 15. Nbd2 {[%clk 0:02:39]}  cxd4 {[%clk 0:02:00]} 16. cxd4 {[%clk 0:02:39]}  Nb8 {[%clk 0:01:59]} 17. Re1 {[%clk 0:02:32]}  Bd7 {[%clk 0:01:58]} 18. Nf1 {[%clk 0:02:30]}  Rc8 {[%clk 0:01:58]} 19. Qd2 {[%clk 0:02:08]}  Nc6 {[%clk 0:01:44]} 20. Rac1 {[%clk 0:02:06]}  Ne7 {[%clk 0:01:36]} 21. Ng3 {[%clk 0:01:53]}  Rxc1 {[%clk 0:01:36]} 22. Rxc1 {[%clk 0:01:53]}  Rc8 {[%clk 0:01:37]} 23. Rc3 {[%clk 0:01:36]}  Rxc3 {[%clk 0:01:34]} 24. Qxc3 {[%clk 0:01:37]}  a5 {[%clk 0:01:26]} 25. Qc5 {[%clk 0:01:12]}  Qxc5 {[%clk 0:01:25]} 26. dxc5 {[%clk 0:01:13]}  Bb5 {[%clk 0:01:09]} 27. Nd4 {[%clk 0:01:11]}  Bd3 {[%clk 0:01:09]} 28. f3 {[%clk 0:01:01]}  Ba6 {[%clk 0:00:16]} 29. f4 {[%clk 0:00:38]}  Ng6 {[%clk 0:00:14]} 30. Nh5 {[%clk 0:00:36]}  Ne7 {[%clk 0:00:05]} 31. Kf2 {[%clk 0:00:35]}  Kf8 {[%clk 0:00:03]} 32. g4 {[%clk 0:00:32]}  Ng6 {[%clk 0:00:04]} 33. Ke3 {[%clk 0:00:32]}  Bf1 {[%clk 0:00:03]} 34. Kf3 {[%clk 0:00:16]}  Bxh3 {[%clk 0:00:02]} 35. c6 {[%clk 0:00:16]}  bxc6 {[%clk 0:00:02]} 36. Nxc6 {[%clk 0:00:17]}  Bf1 {[%clk 0:00:03]} 37. Nxa5 {[%clk 0:00:17]}  Bd3 {[%clk 0:00:03]} 38. Nc6 {[%clk 0:00:16]}  Be4+ {[%clk 0:00:03]} 39. Ke3 {[%clk 0:00:16]}  Bc2 {[%clk 0:00:02]} 40. Ng3 {[%clk 0:00:16]}  Ne7 {[%clk 0:00:02]} 41. Nd4 {[%clk 0:00:16]}  Bb1 {[%clk 0:00:02]} 42. a4 {[%clk 0:00:16]}  Nc8 {[%clk 0:00:01]} 43. Nc6 {[%clk 0:00:15]}  Bc2 {[%clk 0:00:01]} 44. Nd4 {[%clk 0:00:14]}  Bd1 {[%clk 0:00:02]} 45. Nge2 {[%clk 0:00:13]}  g6 {[%clk 0:00:02]} 46. f5 {[%clk 0:00:12]}  exf5 {[%clk 0:00:02]} 47. gxf5 {[%clk 0:00:13]}  h5 {[%clk 0:00:02]} 48. fxg6 {[%clk 0:00:13]}  fxg6 {[%clk 0:00:03]} 49. Nf4 {[%clk 0:00:13]}  Ne7 {[%clk 0:00:04]} 50. a5 {[%clk 0:00:12]}  g5 {[%clk 0:00:04]} 51. Nfe6+ {[%clk 0:00:12]}  Kf7 {[%clk 0:00:04]} 52. Nxg5+ {[%clk 0:00:13]}  Kg6 {[%clk 0:00:05]} 53. Nge6 {[%clk 0:00:12]}  h4 {[%clk 0:00:05]} 54. a6 {[%clk 0:00:13]}  Kf7 {[%clk 0:00:05]} 55. Nf4 {[%clk 0:00:13]}  Nc8 {[%clk 0:00:04]} 56. b4 {[%clk 0:00:12]}  Bg4 {[%clk 0:00:04]} 57. b5 {[%clk 0:00:12]}  Nb6 {[%clk 0:00:05]} 58. Nc6 {[%clk 0:00:08]}  h3 {[%clk 0:00:05]} 59. Kf2 {[%clk 0:00:08]}  Bf5 {[%clk 0:00:05]} 60. Kg3 {[%clk 0:00:08]}  d4 {[%clk 0:00:02]} 61. Nxd4 {[%clk 0:00:08]}  Bd7 {[%clk 0:00:03]} 62. e6+ {[%clk 0:00:08]}  Bxe6 {[%clk 0:00:03]} 63. Nfxe6 {[%clk 0:00:08]}  Ke7 {[%clk 0:00:03]} 64. Kxh3 {[%clk 0:00:08]}  Kd6 {[%clk 0:00:04]} 65. Kg3 {[%clk 0:00:08]}  Nc8 {[%clk 0:00:04]} 66. Kf4 {[%clk 0:00:09]}  Kd5 {[%clk 0:00:04]} 67. Kf5 {[%clk 0:00:08]}  Kc4 {[%clk 0:00:04]} 68. Ke5 {[%clk 0:00:08]}  Kb4 {[%clk 0:00:04]} 69. Kd5 {[%clk 0:00:07]}  Ka5 {[%clk 0:00:05]} 70. Kc6 {[%clk 0:00:08]}  Na7+ {[%clk 0:00:02]} 71. Kb7 {[%clk 0:00:07]} 1-0

[Event "April 9 Early 2024"]
[Site "Chess.com"]
[Date "2024.04.09"]
[Round "4"]
[White "Baches Garcia, Guillermo"]
[Black "Shirov, Alexei"]
[Result "0-1"]
[Board "79"]
[WhiteFideId "2209764"]
[BlackFideId "2209390"]
[WhiteTitle "IM"]
[BlackTitle "GM"]
[WhiteElo "2575"]
[BlackElo "2792"]
[WhiteTeam "ESP"]
[BlackTeam "ESP"]
[WhiteClock "0:00:44"]
[BlackClock "0:02:14"]
[Variant "Standard"]

1. e4 {[%clk 0:03:00]}  e5 {[%clk 0:02:58]} 2. Nf3 {[%clk 0:03:01]}  Nc6 {[%clk 0:02:58]} 3. Nc3 {[%clk 0:03:01]}  g6 {[%clk 0:02:57]} 4. d4 {[%clk 0:03:01]}  exd4 {[%clk 0:02:57]} 5. Nxd4 {[%clk 0:03:01]}  Bg7 {[%clk 0:02:57]} 6. Be3 {[%clk 0:02:59]}  Nf6 {[%clk 0:02:57]} 7. Nxc6 {[%clk 0:02:59]}  bxc6 {[%clk 0:02:56]} 8. e5 {[%clk 0:02:59]}  Ng8 {[%clk 0:02:56]} 9. f4 {[%clk 0:02:58]}  d6 {[%clk 0:02:43]} 10. exd6 {[%clk 0:02:15]}  cxd6 {[%clk 0:02:41]} 11. Bd4 {[%clk 0:02:09]}  Nf6 {[%clk 0:02:31]} 12. Be2 {[%clk 0:02:04]}  O-O {[%clk 0:02:27]} 13. O-O {[%clk 0:02:04]}  Rb8 {[%clk 0:02:24]} 14. Rb1 {[%clk 0:01:58]}  Rb4 {[%clk 0:02:23]} 15. Be3 {[%clk 0:01:50]}  Re8 {[%clk 0:02:21]} 16. Qd2 {[%clk 0:01:50]}  Ne4 {[%clk 0:02:18]} 17. Nxe4 {[%clk 0:01:43]}  Rbxe4 {[%clk 0:02:17]} 18. Rf3 {[%clk 0:01:42]}  Rxe3 {[%clk 0:02:14]} 19. Rxe3 {[%clk 0:00:44]}  Qb6 {[%clk 0:02:14]} 0-1